000 00873nam a22002417a 4500
999 _c21151
_d21151
003 AR-CdUCM
008 190409b ||||| |||| 00| 0 spa d
020 _a9786124751004
040 _aMUNICIPALIDAD PROVINCIAL DEL CUSCO
_cBIBLIOTECA MUNICIPAL DEL CUSCO
082 _a338.47 / P57
_bP57
_2Segunda
100 _aPilares Villa, Rubén Edmundo
_944173
245 _aTurismo místico, parodia o trascendencia /
_cRubén Pilares Villa
260 _aCusco :
_bAtoq,
_bRCQ,
_c2017.
300 _a110 páginas ;
_c21 cm.
505 _aContenido: El supermercado espiritualista -- Los paraísos místicos -- Turismo misticismo esoterismo -- Turismo místico o esoterismo.
650 _aTurismo
_94560
650 _aMisticismo
_9781
650 _aEsoterismo
_915865
650 _aEspiritualismo
_93309
650 _aCusco Perú
_944174
942 _2ddc
_cLIBROS
945 _aRoel